000 00808nam a2200229Ia 4500
003 OSt
005 20220926022253.0
006 a|||||r|||| 00| 0
007 ta
008 220923b |||||||| |||| 00| 0 eng d
037 _cGeneral Book
040 _aRTL
_cRTL
_beng
041 _2eng
_aeng
082 _aV!N45,93:3.Q17<-Q15, Q7/UN
100 _aUNITED NATIONS ECONOMIC COMMISSION FOR EUROPE
245 0 _aBiennial Report (17 April 2015- 27 April 2017)
_b Economic and Social Council Official Records, 2017. Supplement No. 17
260 _aNew York
_bUnited Nations
_c2017
300 _aiii,49p
_ccm.
500 _aBibliography: P 245-63
942 _hV!N45,93:3.Q17<-Q15, Q7/UN
_cGB
_2CC
999 _c639038
_d639038